[Event "Muenster op-A 39th"]
[Site "Muenster"]
[Date "2022.10.07"]
[Round "8"]
[White "Stillger, Bernhard"]
[Black "Junk, Phillip"]
[Result "1-0"]
[WhiteElo "2279"]
[BlackElo "2085"]
[PlyCount "63"]
[EventDate "2022.10.01"]
[EventType "swiss"]
[EventRounds "9"]
[EventCountry "GER"]
[SourceTitle "EXT 2023"]
[Source "ChessBase"]
[SourceDate "2022.10.05"]
[SourceVersion "1"]
[SourceVersionDate "2022.10.05"]
[SourceQuality "1"]

1. d4 d5 2. c4 e6 3. Nf3 Nf6 4. g3 c5 5. cxd5 Nxd5 6. Bg2 cxd4 7. 0-0 Be7 8. Nxd4 0-0 9. e4 Nb4 10. Nc3 N8c6 11. Nxc6 Nxc6 12. Be3 e5 13. Nd5 Be6 14. Qa4 Bd6 15. Rfd1 Qb8 16. Rd2 b5 17. Qd1 Rd8 18. Qh5 Qb7 19. Rad1 Bf8 20. Bh3 Bxh3 21. Qxh3 Kh8 22. Rc1 Rac8 23. Rdc2 Bd6 24. Bg5 Be7 25. Rxc6 Rxc6 26. Rxc6 Bxg5 27. Rc7 Qa6 28. Rxf7 Qxa2 29. Qf5 Rg8 30. h4 Bh6 31. Nf6 Qxf7 32. Qxh7# 1-0

[Event "Muensterland Verbandsklasse 1920"]
[Site "Germany"]
[Date "2020.02.29"]
[Round "7.2"]
[White "Junk, Phillip"]
[Black "Berger, Alfred Josef"]
[Result "0-1"]
[WhiteElo "1929"]
[BlackElo "1869"]
[PlyCount "84"]
[EventDate "2019.09.14"]
[EventType "team-tourn"]
[EventRounds "7"]
[EventCountry "GER"]
[SourceTitle "EXT 2023"]
[Source "ChessBase"]
[SourceDate "2022.10.05"]
[SourceVersion "1"]
[SourceVersionDate "2022.10.05"]
[SourceQuality "1"]
[WhiteTeam "Hiltrup"]
[BlackTeam "Heiden"]
[WhiteTeamCountry "GER"]
[BlackTeamCountry "GER"]

1. e4 e6 2. d4 d5 3. Nd2 c5 4. Ngf3 Nf6 5. exd5 exd5 6. dxc5 Bxc5 7. Bb5+ Nc6 8. 0-0 0-0 9. Nb3 Bb6 10. Bg5 a6 11. Bd3 Bg4 12. h3 Bh5 13. c3 Qd6 14. Bh4 Rfe8 15. g4 Bg6 16. Bxg6 hxg6 17. Nbd4 Ne4 18. Kg2 Nxd4 19. Nxd4 Bxd4 20. Qxd4 g5 21. Bg3 Nxg3 22. fxg3 Re2+ 23. Rf2 Rae8 24. Rd1 R8e3 25. Qxe3 Rxe3 26. Rf3 Re2+ 27. Rf2 Qe5 28. Rd3 Qe4+ 29. Rdf3 Rxf2+ 30. Kxf2 Qc2+ 31. Ke3 Qxb2 32. Kd3 Qxa2 33. Rf5 Qc4+ 34. Kd2 f6 35. Rf3 a5 36. Re3 Kf7 37. Kc2 b5 38. Kb2 d4 39. Re4 dxc3+ 40. Ka3 Qxe4 41. h4 Qb4+ 42. Ka2 Qb2# 0-1

[Event "Muensterland Verbandsklasse 1920"]
[Site "Germany"]
[Date "2019.09.14"]
[Round "1.2"]
[White "Moor, Daniel"]
[Black "Junk, Phillip"]
[Result "0-1"]
[WhiteElo "1899"]
[BlackElo "1922"]
[PlyCount "102"]
[EventDate "2019.09.14"]
[EventType "team-tourn"]
[EventRounds "7"]
[EventCountry "GER"]
[SourceTitle "EXT 2023"]
[Source "ChessBase"]
[SourceDate "2022.10.05"]
[SourceVersion "1"]
[SourceVersionDate "2022.10.05"]
[SourceQuality "1"]
[WhiteTeam "Ochtrup"]
[BlackTeam "Hiltrup"]
[WhiteTeamCountry "GER"]
[BlackTeamCountry "GER"]

1. e4 e5 2. Nf3 Nc6 3. Nc3 Nf6 4. d4 exd4 5. Nd5 d6 6. Nxd4 Nxd5 7. exd5 Ne5 8. Bb5+ Bd7 9. Qe2 Be7 10. 0-0 0-0 11. Bxd7 Nxd7 12. Be3 Bf6 13. Rad1 a6 14. c4 Re8 15. Qc2 Ne5 16. b3 Qd7 17. Qf5 Qxf5 18. Nxf5 g6 19. Nd4 Ng4 20. Nc2 Nxe3 21. Nxe3 Bg5 22. Rfe1 Bxe3 23. Rxe3 Rxe3 24. fxe3 f5 25. Kf2 Kg7 26. g3 Kf6 27. Rd4 g5 28. Ke2 Rf8 29. h4 h6 30. b4 Ke5 31. Kf3 b5 32. hxg5 hxg5 33. cxb5 g4+ 34. Kg2 axb5 35. a3 Ra8 36. Rd3 Ke4 37. Rc3 Ra7 38. Kf2 Kxd5 39. Ke2 c5 40. Rd3+ Ke5 41. bxc5 dxc5 42. Rb3 Ra5 43. Rc3 c4 44. Kd2 Ke4 45. Ke2 Ra6 46. Kf2 Kd5 47. Ke2 Kc5 48. Kf2 b4 49. axb4+ Kxb4 50. Rc1 Ra2+ 51. Kg1 c3 0-1

[Event "Muensterland Verbandsklasse 1718"]
[Site "Germany"]
[Date "2018.04.28"]
[Round "9.2"]
[White "Junk, Phillip"]
[Black "Fayazi, Shahriar"]
[Result "1/2-1/2"]
[WhiteElo "1851"]
[BlackElo "1964"]
[PlyCount "97"]
[EventDate "2017.09.16"]
[EventType "team-tourn"]
[EventRounds "9"]
[EventCountry "GER"]
[SourceTitle "EXT 2019"]
[Source "ChessBase"]
[SourceDate "2018.10.10"]
[SourceVersion "1"]
[SourceVersionDate "2018.10.10"]
[SourceQuality "1"]
[WhiteTeam "Hiltrup"]
[BlackTeam "Saerbeck"]
[WhiteTeamCountry "GER"]
[BlackTeamCountry "GER"]

1. e4 d6 2. d4 Nf6 3. Nc3 g6 4. Nf3 Bg7 5. Bd3 0-0 6. 0-0 Bg4 7. h3 Bxf3 8. Qxf3 Nc6 9. Ne2 e5 10. Be3 exd4 11. Nxd4 Ne5 12. Qe2 d5 13. exd5 Nxd5 14. Rad1 Nxd3 15. Qxd3 Nxe3 16. Qxe3 Re8 17. Qd3 c5 18. Nb5 Qxd3 19. Rxd3 Re2 20. Rb3 Rxc2 21. Nc7 Rb8 22. Na6 Rc8 23. Rxb7 Rxb2 24. Rxb2 Bxb2 25. Rb1 Bd4 26. Kf1 c4 27. Rc1 Kg7 28. Nb4 Kf6 29. Nc2 Bb6 30. Na3 c3 31. Nb5 Ba5 32. Nxa7 Rc5 33. a4 Ke5 34. Ke2 Rc4 35. Nb5 Rxa4 36. Nxc3 Rc4 37. Kd3 Rxc3+ 38. Rxc3 Bxc3 39. Kxc3 Ke4 40. Kd2 f5 41. Ke2 f4 42. f3+ Kd4 43. Kd2 Ke5 44. Ke2 Kf5 45. Kf2 Kg5 46. Kg1 Kh4 47. Kh2 g5 48. Kh1 Kg3 49. Kg1 1/2-1/2

[Event "GER-ch U12"]
[Site "Oberhof"]
[Date "2012.06.02"]
[Round "11"]
[White "Junk, Phillip"]
[Black "Gressmann, Moritz"]
[Result "1/2-1/2"]
[WhiteElo "1443"]
[BlackElo "1859"]
[PlyCount "50"]
[EventDate "2012.05.27"]
[EventType "swiss"]
[EventRounds "11"]
[EventCountry "GER"]
[SourceTitle "CBM 148 Extra"]
[Source "ChessBase"]
[SourceDate "2012.06.22"]
[SourceVersion "1"]
[SourceVersionDate "2012.06.22"]
[SourceQuality "1"]

1. e4 b6 2. d4 Bb7 3. Nc3 e6 4. Nf3 Nf6 5. Bg5 Be7 6. e5 Nd5 7. Bxe7 Qxe7 8. Nxd5 exd5 9. Bd3 Qb4+ 10. Qd2 Qxb2 11. 0-0 Qa3 12. Ng5 h6 13. Nh3 Nc6 14. c3 0-0-0 15. f4 Qe7 16. f5 Rdg8 17. Qe2 Qa3 18. Rfc1 Re8 19. Nf4 Qa5 20. Qg4 Rhg8 21. e6 dxe6 22. fxe6 fxe6 23. Nxe6 Kb8 24. Bh7 Rh8 25. Qxg7 Rc8 1/2-1/2

[Event "GER-ch U12"]
[Site "Oberhof"]
[Date "2012.05.29"]
[Round "5"]
[White "Junk, Phillip"]
[Black "Krueger, David"]
[Result "1/2-1/2"]
[WhiteElo "1443"]
[BlackElo "1701"]
[PlyCount "66"]
[EventDate "2012.05.27"]
[EventType "swiss"]
[EventRounds "11"]
[EventCountry "GER"]
[SourceTitle "CBM 148 Extra"]
[Source "ChessBase"]
[SourceDate "2012.06.22"]
[SourceVersion "1"]
[SourceVersionDate "2012.06.22"]
[SourceQuality "1"]

1. e4 e5 2. Nf3 Nc6 3. Bc4 Bc5 4. c3 Nf6 5. d4 exd4 6. cxd4 Bb4+ 7. Bd2 Nxe4 8. Bxb4 Nxb4 9. Bxf7+ Kxf7 10. Qb3+ d5 11. Ne5+ Kf6 12. Qxb4 c5 13. Qa4 Re8 14. 0-0 g6 15. Nc3 Nxc3 16. bxc3 Kg7 17. Rfe1 c4 18. Nf3 Bf5 19. Re5 Rxe5 20. Nxe5 Qb6 21. Qa3 Re8 22. Re1 a6 23. Nf3 Rxe1+ 24. Nxe1 Qe6 25. Kf1 h5 26. Qb2 b5 27. Qe2 Qxe2+ 28. Kxe2 Kf6 29. h3 a5 30. a3 g5 31. f3 h4 32. Kd2 Bg6 33. Ke3 Kf5 1/2-1/2

[Event "GER-ch U12"]
[Site "Oberhof"]
[Date "2012.05.27"]
[Round "2"]
[White "Nothnagel, Marian Can"]
[Black "Junk, Phillip"]
[Result "1-0"]
[WhiteElo "1732"]
[BlackElo "1443"]
[PlyCount "119"]
[EventDate "2012.05.27"]
[EventType "swiss"]
[EventRounds "11"]
[EventCountry "GER"]
[SourceTitle "CBM 148 Extra"]
[Source "ChessBase"]
[SourceDate "2012.06.22"]
[SourceVersion "1"]
[SourceVersionDate "2012.06.22"]
[SourceQuality "1"]

1. e4 e5 2. Nf3 Nc6 3. Bc4 Bc5 4. 0-0 d6 5. h3 Nf6 6. Nc3 0-0 7. d3 h6 8. Be3 Bxe3 9. fxe3 Be6 10. Bb3 Bxb3 11. axb3 d5 12. exd5 Nxd5 13. Qe2 Re8 14. Nd2 Rf8 15. Qf3 Ncb4 16. Nxd5 Qxd5 17. Qxd5 Nxd5 18. Kf2 Rad8 19. Rxa7 Rb8 20. Ke2 Nb4 21. Ra4 c5 22. c3 b5 23. Raa1 Nd5 24. g3 Rfe8 25. e4 Nf6 26. Ra7 c4 27. bxc4 bxc4 28. Nxc4 Rec8 29. b4 Nxe4 30. dxe4 Rxc4 31. Kd3 Rbc8 32. Rc1 Rxb4 33. cxb4 Rxc1 34. b5 Rb1 35. Kc4 f5 36. exf5 e4 37. Rb7 Kf8 38. b6 e3 39. Kd3 Rb3+ 40. Ke2 Kg8 41. g4 Kf8 42. Rb8+ Kf7 43. b7 Ke7 44. Rg8 Rb2+ 45. Kxe3 Rb3+ 46. Kd2 Rxb7 47. Rxg7+ Kf6 48. Rxb7 Kg5 49. Rb6 h5 50. gxh5 Kxh5 51. f6 Kg6 52. f7+ Kxf7 53. Kc3 Kg7 54. Kd4 Kh8 55. Rb7 Kg8 56. Ke5 Kf8 57. Ke6 Kg8 58. Kf6 Kh8 59. Kg6 Kg8 60. Rb8# 1-0